<?xml version="1.0" encoding="UTF-8"?>
<collection xmlns="http://www.loc.gov/MARC21/slim">
 <record>
  <leader>01781nam a2200241Ia 4500</leader>
  <controlfield tag="001">TDMU_20629</controlfield>
  <controlfield tag="008">210410s9999    xx            000 0 und d</controlfield>
  <datafield tag="082" ind1=" " ind2=" ">
   <subfield code="a">959.703092</subfield>
  </datafield>
  <datafield tag="090" ind1=" " ind2=" ">
   <subfield code="b">V500</subfield>
  </datafield>
  <datafield tag="100" ind1=" " ind2=" ">
   <subfield code="a">Vũ, Thanh Sơn</subfield>
  </datafield>
  <datafield tag="245" ind1=" " ind2="0">
   <subfield code="a">Nhân vật lịch sử Việt Nam cuối thể kỷ XIX đầu thế kỷ XX</subfield>
  </datafield>
  <datafield tag="245" ind1=" " ind2="0">
   <subfield code="b">Sách tham khảo</subfield>
  </datafield>
  <datafield tag="245" ind1=" " ind2="0">
   <subfield code="c">Vũ Thanh Sơn</subfield>
  </datafield>
  <datafield tag="245" ind1=" " ind2="0">
   <subfield code="n">Quyển 12</subfield>
  </datafield>
  <datafield tag="245" ind1=" " ind2="0">
   <subfield code="p">Các nhân vật chủ yếu trong phong trào Duy Tân ở Trung Kỳ năm 1908</subfield>
  </datafield>
  <datafield tag="260" ind1=" " ind2=" ">
   <subfield code="a">H.</subfield>
  </datafield>
  <datafield tag="260" ind1=" " ind2=" ">
   <subfield code="b">Quân đội Nhân Dân</subfield>
  </datafield>
  <datafield tag="260" ind1=" " ind2=" ">
   <subfield code="c">2013</subfield>
  </datafield>
  <datafield tag="300" ind1=" " ind2=" ">
   <subfield code="a">207 tr.</subfield>
  </datafield>
  <datafield tag="520" ind1=" " ind2=" ">
   <subfield code="a">TM tài liệu tham khảo tr. 201-205; Tập hợp giới thiệu về những lãnh tụ, vị thủ lĩnh, những người có đóng góp cho các phong trào kháng chiến như: Trần Quý Cấp, Huỳnh Thúc Kháng, Lương Chấn - Trương Hoành - Hứa Tạo, Lê Bá Trinh, Dương Thạc, Dương Thưởng, Ông Ích Đường, Lê Cơ, Phan Thúc Duyện, Lê Đình Cẩn...</subfield>
  </datafield>
  <datafield tag="650" ind1=" " ind2=" ">
   <subfield code="a">Lịch sử Việt Nam</subfield>
   <subfield code="x">Nhân vật</subfield>
   <subfield code="x">Kháng chiến chống Pháp</subfield>
   <subfield code="y">Cuối thế kỷ XIX đầu thế kỷ XX</subfield>
   <subfield code="v">Sách tham khảo; Nhân vật lịch sử</subfield>
   <subfield code="x">Kháng chiến chống Pháp</subfield>
   <subfield code="y">Cuối thế kỷ XIX đầu thế kỷ XX</subfield>
   <subfield code="v">Sách tham khảo; Kháng chiến chống Pháp</subfield>
   <subfield code="z">Việt Nam</subfield>
   <subfield code="y">Cuối thế kỷ XIX đầu thế kỷ XX</subfield>
   <subfield code="v">Sách tham khảo; Lịch sử cận đại</subfield>
   <subfield code="x">Nhân vật lịch sử</subfield>
   <subfield code="x">Phong trào Duy Tân </subfield>
   <subfield code="z">Việt Nam</subfield>
  </datafield>
  <datafield tag="856" ind1=" " ind2=" ">
   <subfield code="u">http://lrc.tdmu.edu.vn/opac/search/detail.asp?aID=2&amp;ID=20629</subfield>
  </datafield>
  <datafield tag="980" ind1=" " ind2=" ">
   <subfield code="a">Trung tâm Học liệu Trường Đại học Thủ Dầu Một</subfield>
  </datafield>
 </record>
</collection>
